LOOΠΔ Discography - Statistics

General Stats
  • This quiz has been taken 8 times
  • The average score is 24 of 46
Answer Stats
Answer % Correct
Hi High
100%
Butterfly
88%
favOriTe
75%
Flip That
75%
Hula Hoop
75%
Luminous
75%
PTT (Paint The Town)
75%
So What
75%
Stylish
75%
Dance On My Own
63%
Ding Ding Dong
63%
Need U
63%
Oh (Yes I Am)
63%
Perfect Love
63%
Pose
63%
Star
63%
Where you at
63%
Why Not?
63%
X X
63%
12:00
50%
A Different Night
50%
&
50%
Be Honest
50%
Colors
50%
Curiosity
50%
Fall Again
50%
Hide & Seek
50%
OOPS!
50%
Pale Blue Dot
50%
Playback
50%
Satellite
50%
Universe
50%
U R
50%
Voice
50%
WOW
50%
#
38%
365
38%
Not Friends
38%
Number 1
38%
Sick Love
38%
Starseed -Kakusei-
38%
+ +
25%
The Journey
25%
Fever
0%
I Like It More Now
0%
The Carol 2.0
0%
No matching quizzes found
Score Distribution
Percent of People with Each Score
Percentile by Number Answered
Your Score History
You have not taken this quiz